| 000 | 00812nac a22002531i 4500 | ||
|---|---|---|---|
| 003 | EG-ScBUE | ||
| 005 | 20260426095732.0 | ||
| 008 | 130127s2006 enka f 001 0 eng d | ||
| 020 | _a1405312920 | ||
| 020 | _a9781405312929 | ||
| 040 |
_aEG-ScBUE _beng _erda _cEG-ScBUE _dEG-ScBUE |
||
| 082 | 0 | 4 |
_a577.721 _222 _bOCE |
| 245 | 0 | 0 |
_aOcean : _bthe world's last wilderness revealed / _cintroduced by Fabien Cousteau. |
| 264 | 1 |
_aLondon : _bDorling Kindersley, _c2006. |
|
| 300 |
_a512 pages : _billustrations ; _c30 cm |
||
| 336 |
_2rdacontent _atext _btxt |
||
| 337 |
_aunmediated _2rdamedia _bn |
||
| 338 |
_avolume _bnc _2rdacarrier |
||
| 500 | _aIncludes index. | ||
| 600 |
_aCousteau, Fabien _932044 |
||
| 650 |
_aOceans _932045 |
||
| 700 | 1 |
_aCousteau, Fabien, _ewrite of introduction, etc. |
|
| 942 |
_cBB _2ddc |
||
| 999 |
_c3595 _d3595 |
||